000 00435 a2200157 4500
005 20250625082102.0
020 _a0-618-20288-9
082 _a510 AUF
100 _aAUFMAN, R. N.
245 _aBasic College Mathematics: An Applied Approach
250 _a7th Ed.
260 _aNew York,
_bHoughton Mifflin Company,
_c2003.
300 _a373p.; ill.; table, figure
_c26cm
700 _aBARKER, V. C. & LOCKWOOD, J. S.
942 _2ddc
_cBKS
999 _c4954
_d4954